000
00374nam a22001697a 4500
003
MPLRDC
005
20220104123734.0
008
210129b ||||| |||| 00| 0 eng d
082
_a
177 CN
100
_a
崔宁编
245
_a
说服力十一要法
_c
250
_a
初版
260
_a
_b
星联出版社
_c
1987
300
_b
平
650
_a
942
_c
BK
_o
177 CN
999
_c
13800
_d
13790